书目信息 |
| 书名: | Solutions guide to accompany | |
| 作者: | ||
| 分册号: | ||
| 分册名: | 出版地: | Reading, Mass. : |
|
| 出版社: | Addison-Wesley Pub. Co | |
| 出版时间: | 1982. | |
| 页数: | 298 p. : | |
| 开本: | 29 cm. : | |
| 丛书名: | ||
| 中图分类号: | ||
| 科图分类号: | ||
| 其他分类号: | O4 | |
| 主题词: | ||
| 电子资源: | ||
| 000 | 00657nam 2200217 a 4500 | |
| 001 | E0762213526 | |
| 005 | 20070209172114.84 | |
| 008 | 001 0 eng | |
| 008 | uu | |
| 040 | @aNLC | |
| 049 | @aN5LA | |
| 090 | @a2-85/O4-44/F69/ 1982//////////////*971414-5/ 2cop. | |
| 090 | @aO4 | |
| 096 | @aO4-44 @v2 | |
| 099 | @dO4@ex4 | |
| 100 | 1 | @aFord, A. Lewis. |
| 245 | 10 | @aSolutions guide to accompany :@buniversity physics |
| 250 | @a6th ed. | |
| 260 | @aReading, Mass. :@bAddison-Wesley Pub. Co.,@c1982. | |
| 300 | @a298 p. :@bill. ;@c29 cm. :@b00 ;@c20020930@lNLC09@h2245@lNLC09@h2248@lNLC09@h1839 | |
| 852 | 9 | @bWWJC @cJ08N @k2-85 @hO4-44 @iF69/1982 |
| Solutions guide to accompany : : university physics.-6th ed.-Reading, Mass. : : Addison-Wesley Pub. Co., , 1982. |
| 298 p. : : ill. ; ; 29 cm. : : 00 ; ; 20020930 |
| ISBN |
| ● |
| 相关链接 |
|
|
|
|
正题名:Solutions guide to accompany
索取号:O4/x4
 
预约/预借
| 序号 | 登录号 | 条形码 | 馆藏地/架位号 | 状态 | 备注 |
| 1 | 125887 | 000451237 | 第二样本阅览室/ [索取号:O4/x4] | 在馆 | |
| 2 | 182028 | 000450951 | 第四借阅区/ [索取号:O4/x4] | 在馆 | |
| 3 | 182029 | 000450997 | 第四借阅区/ [索取号:O4/x4] | 在馆 |